Organizowanie systemów przetwarzania danych w kierowaniu gospodarka narodowa
Salvato in:
| Autore principale: | |
|---|---|
| Natura: | Libro |
| Lingua: | polacco |
| Pubblicazione: |
Warszawa
Szkola glówna planowania i statystyki
1980
|
| Serie: | Monografie i opracowania
77 |
| Tags: |
Nessun Tag, puoi essere il primo ad aggiungerne!!
|
MARC
| LEADER | 00000nam a2200000 4500 | ||
|---|---|---|---|
| 001 | c142479 | ||
| 005 | 20041019155324.9 | ||
| 041 | 0 | |a pol | |
| 044 | |a PL | ||
| 245 | 1 | 0 | |a Organizowanie systemów przetwarzania danych w kierowaniu gospodarka narodowa |c Msciwoj Muszynski |
| 264 | 1 | |a Warszawa |b Szkola glówna planowania i statystyki |c 1980 | |
| 300 | |a 235 s. | ||
| 490 | 1 | |a Monografie i opracowania |v 77 | |
| 830 | 0 | |a Monografie i opracowania |v 77 | |
| 100 | 1 | |a Muszynski, Msciwoj | |